| 000 | 00361nam a22001577a 4500 | ||
|---|---|---|---|
| 003 | SGT | ||
| 020 | _a9788131253410 | ||
| 082 |
_a617.695 _bP20L |
||
| 100 | _aLakshmi S | ||
| 245 | _aPreclinical Manual of Prosthodontics | ||
| 250 | _a3RD | ||
| 260 |
_aNEW DELHI _bElsevier India _c2020 |
||
| 300 | _a1-302 | ||
| 650 | _aPROSTHODONTICS | ||
| 942 |
_2ddc _cBK _036 |
||
| 999 |
_c20934 _d20934 |
||